Vista normal
Vista MARC
Entrada Personal Name
Número de registros utilizados en: 1
001 - CONTROL NUMBER
- control field: 16689
003 - CONTROL NUMBER IDENTIFIER
- control field: DLC
005 - DATE AND TIME OF LATEST TRANSACTION
- control field: 20250130105633.0
008 - FIXED-LENGTH DATA ELEMENTS
- fixed length control field: 131112n| azannaabn |a aaa c
010 ## - LIBRARY OF CONGRESS CONTROL NUMBER
- LC control number: ns2013003948
035 ## - SYSTEM CONTROL NUMBER
- System control number: (CaEvSKY)skya10329899
040 ## - CATALOGING SOURCE
- Original cataloging agency: MX-SlUA
- Language of cataloging: spa
- Description conventions: rda
- Transcribing agency: Mx-PuUPA
- Modifying agency: Mx-PuUPA
100 1# - HEADING--PERSONAL NAME
- Personal name: Lerman Garber, Israel,
370 ## - ASSOCIATED PLACE
- Place of residence/headquarters: Ciudad de México (México)
- Source of term: naf
372 ## - FIELD OF ACTIVITY
- Field of activity: Endocrinología
- Field of activity: Diabetes
- Source of term: lcsh
373 ## - ASSOCIATED GROUP
- Associated group: Instituto Nacional de Ciencias Médicas y Nutrición Salvador Zubirán
- Source of term: naf
374 ## - OCCUPATION
- Occupation: Médico
- Occupation: Autor
- Source of term: lcsh
375 ## - GENDER
- Gender: male
377 ## - ASSOCIATED LANGUAGE
- Language code: spa
400 1# - SEE FROM TRACING--PERSONAL NAME
- Personal name: Garber, Israel Lerman
400 1# - SEE FROM TRACING--PERSONAL NAME
- Personal name: Lerman, Israel
670 ## - SOURCE DATA FOUND
- Source citation: Atención integral del paciente diabético, ©2011:
- Information found: title page (Israel Lerman Garber; médico adscrito, Departamento de Endocrinología y Metabolismo, Instituto Nacional de Ciencias Médicas y Nutrición "Salvador Zubirán", México D.F.) cover (Israel Lerman)